000 00282nam a2200121 i 4500
001 bg
245 0 _aPoluprovodnikovaja technika i mikroelektronika. Vyp.7.
260 _aKiev,
_c1972.
040 _cBPK
041 _apol
942 _cKS
008 s pl f |000 0 pol
999 _c14513
_d14513
856 _uhttp://koha.tu.koszalin.pl/cgi-bin/koha/opac-detail.pl?biblionumber=14513
_yKatalog online BPK